000 01017nam a2200241Ia 4500
003 GCL
008 140319s9999 xx 000 0 ara d
040 _aGCL /
_cGCL
082 0 4 _a911.56
_bش ا
100 1 _aابن شداد : عزالدين ابوعبدالله محمد بن على بن ابراهيم
245 1 0 _aالاعلاق الخطيرة فى ذكر امراء الشام والجزيرة /
_cابن شداد : عزالدين ابوعبدالله محمد بن على بن ابراهيم
700 1 _aيحيى زكريا عبارة
260 _aسوريا :
_bوزارة الثقافة ،
_c1991
300 _aمتعدد ؛
_c24 سم
490 _aاحياء التراث العربى
_v78
650 0 4 _aالشعر العربى
650 0 4 _aالادب العربى
650 0 4 _aالجغرافيا التاريخية
650 0 4 _aالشعر - دواوين و قصائد
650 0 4 _aالحضارة الاسلامية
650 0 4 _aالشعر العربى - تاريخ
942 _2ddc
_cBK
999 _c31546
_d31546